00237 a2200121 4500001000700000020000600007040001100013100002900024240002500053245002000078300000800098362000900106183218 a  cMagnum aSantos, Rosario Bernardo10aDepois das onzelpor10aDepois das onze a1050 a1988